| 000 | 00654nam a2200205 u 4500 | ||
|---|---|---|---|
| 001 | 000768820 | ||
| 003 | AM-YeHGA | ||
| 005 | 20250617143831.0 | ||
| 008 | 101028s1944 ru |||||||||||||||||rus|c | ||
| 040 | _aAM-YeHGA | ||
| 041 | 0 | _arus | |
| 100 | 1 | _aКрылов, Иван Андреевич | |
| 245 | 1 | 0 |
_aБасни / _cИ.А. Крылов ; Худож. А. Каневский и др. |
| 260 |
_aМосква : _bГослитиздат, _c1944. |
||
| 300 |
_a224 c., 4 л. ил. : _bил. ; _c20 см. |
||
| 650 | 1 | 4 | _aРусская литература |
| 700 | 1 |
_aКаневский, А. _eхуд. _4art |
|
| 942 |
_2udc _cBK |
||
| 090 | _c284008 | ||
| 999 |
_c282351 _d282351 |
||